| 000 | 00695nam a22002537a 4500 | ||
|---|---|---|---|
| 003 | OSt | ||
| 005 | 20140310182959.0 | ||
| 008 | 130208t xxu||||| |||| 00| 0 eng d | ||
| 020 | _a9789718558546 | ||
| 050 |
_aBF 181 _b.T819 2010 |
||
| 082 |
_aPsych-Fil 150.72 _b.Tr73 2010 |
||
| 245 |
_aExperimental psychology : _btheories and behavioral applications _cTria, Geraldine E. |
||
| 250 | _a2nd ed. | ||
| 260 |
_aQuezon City, Philippines _bKen Inc. _cc2010 |
||
| 300 |
_a143 p. _c25 cm. |
||
| 521 | _acollege students | ||
| 526 | _c1210L-1700L | ||
| 541 | _j1 | ||
| 541 | _j2 | ||
| 541 | _j3 | ||
| 541 | _j4 | ||
| 562 | _e4 | ||
| 942 |
_2lcc _cBK _kPSYCH-FIL |
||
| 999 |
_c18068 _d18068 |
||